000 01472nam a22002417a 4500
005 20250325153146.0
008 250325b |||||||| |||| 00| 0 eng d
020 _a9781032962702
037 _cTextual
040 _aRTL
_cRTL
084 _aY15-5927(Q6).211 Q5
_qRTL
245 _aBama: writer as activist
250 _a1st
260 _aLondon and New York
_bRoutledge
_c2025
300 _axv, 303p.
_bIncludes bibliography, notes and index
520 _aBama is a Tamil Dalit feminist writer and novelist. Her autobiographical novel Karukku, which chronicles the joys and sorrows experienced by Dalit Christians in Tamil Nadu, catapulted her to fame. As a prolific writer, she has experimented with all kinds of genres, such as novels, short stories, poems, autobiographical writing, children’s literature, and discursive essays. This book presents a dedicated study of Bama’s work as a writer and activist and situates her in the context of Dalit literature in general and Tamil Dalit literature in particular. It recognises Bama as writer of great relevance especially in bringing to the fore the problematics of Dalit issues and their possible modes of aesthetic articulation through a new Dalit language.
650 _aAsian Studies
650 _aLiterature
650 _aPost-Colonial Studies
_9747557
710 _aKumar, Raj
_eEditor
_9747558
710 _aArmstrong, S.
_eEditor
_9747559
942 _2CC
_n0
_cTB
_hY15-5927(Q6).211 Q5
999 _c1269260
_d1269260